VII Congreso Nacional de Fitopatología
Guardat en:
| Autor corporatiu: | |
|---|---|
| Format: | Llibre |
| Idioma: | espanyol |
| Publicat: |
Ciudad de México
Sociedad Mexicana de Fitopatología
1978
|
| Matèries: | |
| Etiquetes: |
Afegir etiqueta
Sense etiquetes, Sigues el primer a etiquetar aquest registre!
|
MARC
| LEADER | 00000cam a2200000 a 4500 | ||
|---|---|---|---|
| 001 | UCD2584 | ||
| 003 | CL-VaPUC | ||
| 005 | 20220923074501.0 | ||
| 008 | 160505e19780000mx 1 spa d | ||
| 082 | 0 | 4 | |a 581.2 |b SOC |2 21 |
| 110 | 2 | |a Sociedad Mexicana de Fitopatología |e author |9 622174 | |
| 245 | 1 | 0 | |a VII Congreso Nacional de Fitopatología |
| 260 | |a Ciudad de México |b Sociedad Mexicana de Fitopatología |c 1978 | ||
| 300 | |a 112 p | ||
| 583 | |a last modification |c 20160505 16:04:00 |k Rodrigo Vera | ||
| 650 | 0 | 0 | |a Fitopatología |9 340456 |
| 650 | 0 | 0 | |a Producción agrícola |9 353481 |
| 650 | 0 | 0 | |a Frutales |9 264870 |
| 650 | 0 | 0 | |a Hortalizas |9 259501 |
| 942 | |c BK | ||
| 945 | |a cmena |d 20160505 16:04:00 | ||
| 546 | |a En Español | ||
| 536 | |a Sociedad Mexicana de Fitopatología | ||
| 518 | |p Congreso Nacional de Fitopatología, 7, Ciudad de México, 8 al 10 de marzo de 1976 | ||
| 999 | |c 384834 |d 384832 | ||
| 952 | |0 0 |1 0 |3 erb |4 0 |6 581_200000000000000_SOC_1978 |7 0 |8 A |9 507821 |a BIBAGR |b BIBAGR |i 5283191 |o 581.2 SOC 1978 |p 5283191 |r 2025-01-20 |w 2020-01-23 |y BK |z Catalogado en:20160505 |k AGR | ||